Govt. of
Madhya Pradesh

Normal view MARC view

Entry Topical Term

Number of records used in: 1

001 - CONTROL NUMBER

  • control field: 59748

003 - CONTROL NUMBER IDENTIFIER

  • control field: OSt

005 - DATE AND TIME OF LATEST TRANSACTION

  • control field: 20160526132047.0

008 - FIXED-LENGTH DATA ELEMENTS

  • fixed length control field: 160526|| aca||aabn | a|a d

040 ## - CATALOGING SOURCE

  • Original cataloging agency: OSt
  • Transcribing agency: OSt

150 ## - HEADING--TOPICAL TERM

  • Topical term or geographic name entry element: Literactuer

670 ## - SOURCE DATA FOUND

  • Source citation: Work cat.: (OSt)9291: डॉ शास्‍त्री, ओमप्रकाश 59747, अभिज्ञान शाकुन्‍तल , 2000